[Event "Winterfest"]
[Site "SchemingMind.com"]
[Date "2023.12.31"]
[Round "-"]
[White "Clive Everill"]
[Black "kenneth m day"]
[Result "0-1"]
[WhiteCountry "CZE"]
[BlackCountry "USA"]
[WhiteElo "1713"]
[WhiteRD "58"]
[BlackElo "1690"]
[BlackRD "59"]
[GameID "740509"]

1. Nf3 Nf6 2. Nc3 d6 3. e4 g6 4. d3 Bg7 5. Be2 O-O 6. O-O Nbd7 7. Bd2 b6 8. h3 Bb7 9. Rb1 c6 10. a3 e5
11. Qc1 Rc8 12. Bh6 Re8 13. Bxg7 Kxg7 14. Nh2 d5 15. exd5 cxd5 16. f4 exf4 17. Rxf4 Rxc3 18. bxc3 Rxe2 19. Qf1 Rxc2 20. Ng4 Rxc3
21. a4 Ba6 22. Rd1 Qe7 23. Nf2 Ne5 24. g4 Qc7 25. Rxf6 Kxf6 26. Ne4+ Ke6 27. Qf6+ Kd7 28. Nxc3 Qxc3 29. d4 Qe3+ 30. Kh1 Qxh3+
31. Kg1 Qxg4+
0-1

[Event "Winterfest"]
[Site "SchemingMind.com"]
[Date "2023.12.31"]
[Round "-"]
[White "kenneth m day"]
[Black "Clive Everill"]
[Result "0-1"]
[WhiteCountry "USA"]
[BlackCountry "CZE"]
[WhiteElo "1690"]
[WhiteRD "59"]
[BlackElo "1713"]
[BlackRD "58"]
[GameID "740510"]

1. e4 d5 2. exd5 Qxd5 3. d4 Nc6 4. Nf3 e5 5. Nc3 Bb4 6. Bd2 Bxc3 7. Bxc3 e4 8. Qe2 Bg4 9. O-O-O Nf6 10. Qe3 O-O-O
11. Be2 exf3 12. gxf3 Bf5 13. b3 h6 14. Bc4 Qd7 15. Qf4 Nh5 16. Qd2 Rhe8 17. Rhg1 f6 18. d5 Ne5 19. Bxe5 Rxe5 20. f4 Re7
21. Be2 g6 22. Bxh5 gxh5 23. Qd4 Re2 24. Qxf6 Rxc2+
0-1

[Event "Winterfest"]
[Site "SchemingMind.com"]
[Date "2024.01.01"]
[Round "-"]
[White "pawngrabber"]
[Black "kenneth m day"]
[Result "1/2-1/2"]
[WhiteCountry "ENG"]
[BlackCountry "USA"]
[WhiteElo "1804"]
[WhiteRD "62"]
[BlackElo "1690"]
[BlackRD "59"]
[GameID "740814"]

1. d4 d5 2. c4 e6 3. cxd5 exd5 4. Nf3 Nf6 5. e3 Bd6 6. Bd3 O-O 7. O-O Bg4 8. Nbd2 Nbd7 9. Qc2 h6 10. a3 Re8
11. b4 a6 12. Bb2 Bh5 13. Rac1 Rc8 14. Ne1 Nf8 15. f3 Bg6 16. e4 dxe4 17. fxe4 Be7 18. Nef3 Ng4 19. Rfe1 Bg5 20. Nxg5 Qxg5
21. Nf3 Qf4 22. Qd2 Qxd2 23. Nxd2 Nf6 24. Bc2 c6 25. e5 Nd5 26. Ne4 Bxe4 27. Bxe4 Nf4 28. Rc2 N8e6 29. g3 Nd5 30. Rec1 Ne7
31. d5 cxd5 32. Rxc8 Rxc8 33. Rxc8+ Nxc8 34. Bxd5 Nc7 35. Bxb7 Nb6 36. Be4 Nc4 37. Bc1 g5 38. h4 Nxe5 39. hxg5 hxg5 40. Bxg5 Ne6
41. Be7 Nc4 42. Bd3 Nxa3 43. Bxa6 Nc7 44. b5 Ncxb5=
1/2-1/2

[Event "Winterfest"]
[Site "SchemingMind.com"]
[Date "2024.01.01"]
[Round "-"]
[White "kenneth m day"]
[Black "pawngrabber"]
[Result "0-1"]
[WhiteCountry "USA"]
[BlackCountry "ENG"]
[WhiteElo "1690"]
[WhiteRD "59"]
[BlackElo "1804"]
[BlackRD "62"]
[GameID "740815"]

1. e4 e5 2. Nf3 Nc6 3. c3 Nf6 4. d4 d6 5. Bd3 Bg4 6. O-O Be7 7. Re1 Bxf3 8. Qxf3 exd4 9. Bg5 Ne5 10. Qe2 Nxd3
11. Qxd3 dxc3 12. Nxc3 O-O 13. Rad1 Nd7 14. Bxe7 Qxe7 15. Nd5 Qd8 16. f4 Nc5 17. Qg3 c6 18. Nc3 Qb6 19. Qf2 Rad8 20. Rd2 Rfe8
21. e5 dxe5 22. Rxd8 Rxd8 23. fxe5 Qa5 24. Rf1 Rd7 25. h3 Ne6 26. a3 Qc5 27. Qxc5 Nxc5 28. Re1 Ne6 29. Re2 Kf8 30. g3 Ke7
31. Kf1 Rd3 32. Ne4 h6 33. Kg2 b6 34. Kf2 Nd4 35. Rd2 Rxd2+ 36. Nxd2 Ke6 37. Nf3 Nxf3 38. Kxf3 Kxe5
0-1

[Event "Winterfest"]
[Site "SchemingMind.com"]
[Date "2024.01.03"]
[Round "-"]
[White "pawngrabber"]
[Black "Manchenko Ivan"]
[Result "1/2-1/2"]
[WhiteCountry "ENG"]
[BlackCountry "RUS"]
[WhiteElo "1789"]
[WhiteRD "60"]
[BlackElo "1919"]
[BlackRD "108"]
[GameID "740908"]

1. d4 Nf6 2. c4 g6 3. Nc3 d5 4. cxd5 Nxd5 5. e4 Nxc3 6. bxc3 Bg7 7. Bc4 c5 8. Ne2 Nc6 9. Be3 O-O 10. O-O Bg4
11. f3 Na5 12. Bxf7+ Rxf7 13. fxg4 Rxf1+ 14. Qxf1 Nc4 15. Bf2 Nd2 16. Qd1 Nxe4 17. Be3 Qd5 18. Qc2 cxd4 19. cxd4 g5 20. Rb1 b6=
1/2-1/2

[Event "Winterfest"]
[Site "SchemingMind.com"]
[Date "2024.01.03"]
[Round "-"]
[White "Manchenko Ivan"]
[Black "pawngrabber"]
[Result "1-0"]
[WhiteCountry "RUS"]
[BlackCountry "ENG"]
[WhiteElo "1919"]
[WhiteRD "108"]
[BlackElo "1789"]
[BlackRD "60"]
[GameID "740909"]

1. e4 d6 2. Nf3 Nf6 3. c4 c5 4. Nc3 g6 5. d4 cxd4 6. Nxd4 Bg7 7. Be3 O-O 8. Be2 Nc6 9. O-O Nxd4 10. Bxd4 b6
11. Qd3 Bb7 12. Rad1 Rc8 13. b3 h5 14. f4 e5 15. fxe5 dxe5 16. Bxe5 Qxd3 17. Bxd3 Ng4 18. Bxg7 Kxg7 19. Rfe1 Rcd8 20. Be2 Rfe8
21. Rxd8 Rxd8 22. Rd1 Rxd1+ 23. Bxd1 Ne3 24. Bf3 f5 25. Kf2 Ng4+ 26. Bxg4 hxg4 27. exf5 gxf5 28. Nd5 Bxd5 29. cxd5 Kf6 30. Kg3 Ke5
31. h4 gxh3 32. gxh3 Kxd5 33. Kf4 Ke6 34. h4 Kf6 35. a4 a6 36. b4 b5 37. a5 Kg6 38. h5+
1-0

[Event "Winterfest"]
[Site "SchemingMind.com"]
[Date "2024.01.04"]
[Round "-"]
[White "kenneth m day"]
[Black "Manchenko Ivan"]
[Result "1-0"]
[WhiteCountry "USA"]
[BlackCountry "RUS"]
[WhiteElo "1662"]
[WhiteRD "58"]
[BlackElo "1686"]
[BlackRD "105"]
[GameID "740912"]

1. e4 e5 2. Nf3 Nc6 3. c3 Nf6 4. d4 exd4 5. e5 Nd5 6. Bc4 Nb6 7. Bb3 d5 8. cxd4 Bg4 9. Be3 Bb4+ 10. Nc3 Qd7
11. O-O O-O-O 12. a3 Bxc3 13. bxc3 Nc4 14. h3 Bh5 15. a4 Rhf8 16. Re1 N6a5 17. Bxc4 Nxc4 18. Bg5 f6 19. exf6 gxf6 20. Bf4 a5
21. Qd3 Rfe8 22. Nd2 Rxe1+ 23. Rxe1 Bg6 24. Qf3
1-0

[Event "Winterfest"]
[Site "SchemingMind.com"]
[Date "2024.01.04"]
[Round "-"]
[White "Manchenko Ivan"]
[Black "kenneth m day"]
[Result "0-1"]
[WhiteCountry "RUS"]
[BlackCountry "USA"]
[WhiteElo "1686"]
[WhiteRD "105"]
[BlackElo "1662"]
[BlackRD "58"]
[GameID "740913"]

1. e4 e5 2. Nf3 d5 3. exd5 Bd6 4. d4 e4 5. Ne5 Nf6 6. Bb5+ c6 7. dxc6 Qa5+ 8. Nc3 O-O 9. cxb7 Bxb7 10. Nc4 Qc7
11. Nxd6 Qxd6 12. O-O a6 13. Ba4 Nc6 14. Be3 Nb4 15. Bb3 Rfd8 16. Qd2 Nbd5 17. Nxd5 Bxd5 18. c4 Be6 19. d5 Bg4 20. Bd4 Bh5
21. c5 Qe7 22. Qg5 Bg6 23. d6 Qd7 24. Bxf6 gxf6 25. Qxf6 Ra7
0-1

[Event "Winterfest"]
[Site "SchemingMind.com"]
[Date "2024.01.11"]
[Round "-"]
[White "pawngrabber"]
[Black "Goz"]
[Result "1-0"]
[WhiteCountry "ENG"]
[BlackCountry "ENG"]
[WhiteElo "1804"]
[WhiteRD "62"]
[BlackElo "1468"]
[BlackRD "77"]
[GameID "741308"]

1. d4 e6 2. e4 d5 3. e5 Bb4+ 4. Bd2 Bxd2+ 5. Nxd2 Ne7 6. Ngf3 O-O 7. Bd3 Nf5 8. O-O Nc6 9. c3 a6 10. Ne1 Nce7
11. f4 b5 12. Qe2 c6 13. Rf3 Nh4 14. Rh3 Neg6 15. Qg4 f5 16. exf6 e5 17. f5 Bxf5 18. Bxf5 Nxf5 19. Qxf5 Rxf6 20. Qh5 h6
21. Rg3 Nf4 22. Qg4 g5 23. dxe5 Re6 24. Nc2 Qe7 25. Re1 Rxe5 26. Rxe5 Qxe5 27. Re3 Qf6 28. g3 h5 29. Qf3 Nh3+ 30. Kg2 Qxf3+
31. Rxf3 g4 32. Rf5 Re8 33. Kf1 Rf8 34. Rxf8+ Kxf8 35. Nd4 c5 36. Ne6+ Ke7 37. Nxc5 a5 38. Ndb3 a4 39. Nd4 Kd6 40. Nd3 Ng5
41. Nxb5+ Kc6 42. Nd4+ Kb6 43. Nf4 Kc5 44. Nxh5 Kc4 45. Nf6
1-0

[Event "Winterfest"]
[Site "SchemingMind.com"]
[Date "2024.01.12"]
[Round "-"]
[White "Goz"]
[Black "pawngrabber"]
[Result "0-1"]
[WhiteCountry "ENG"]
[BlackCountry "ENG"]
[WhiteElo "1460"]
[WhiteRD "80"]
[BlackElo "1789"]
[BlackRD "60"]
[GameID "741309"]

1. d4 Nf6 2. c4 e6 3. c5 Nc6 4. e3 d6 5. Bb5 Bd7 6. Bxc6 Bxc6 7. f3 dxc5 8. dxc5 Qxd1+ 9. Kxd1 Bxc5 10. Ke2 O-O
11. Nh3 Rad8 12. Bd2 Bb5+ 13. Ke1 Nd5 14. e4 Ne3 15. Bxe3 Bxe3 16. Nc3 Ba6 17. Rd1 Rxd1+ 18. Kxd1 Rd8+ 19. Kc2 Rd2+ 20. Kb1 Rxg2
21. Rd1 Rd2 22. Rxd2 Bxd2 23. Kc2 Be3 24. Nd1 Bc5 25. f4 h6 26. Nc3 Bf1 27. f5 Bxh3 28. Ne2 Bd6 29. Nd4 exf5 30. exf5 Bxh2
31. Nf3 Bd6 32. Nd4 g5 33. fxg6 fxg6 34. Nf3 g5 35. Ng1 Bf5+ 36. Kd2 Bg4 37. Ke3 Bc5+
0-1

[Event "Winterfest"]
[Site "SchemingMind.com"]
[Date "2024.01.12"]
[Round "-"]
[White "Clive Everill"]
[Black "Goz"]
[Result "1-0"]
[WhiteCountry "CZE"]
[BlackCountry "ENG"]
[WhiteElo "1713"]
[WhiteRD "58"]
[BlackElo "1468"]
[BlackRD "77"]
[GameID "741310"]

1. e4 b6 2. d4 Bb7 3. Nc3 e6 4. Bd3 Bb4 5. Nf3 Ne7 6. O-O c6 7. Bg5 Bxc3 8. bxc3 h6 9. Bf4 d6 10. a4 Ng6
11. Be3 d5 12. e5 Qe7 13. c4 O-O 14. cxd5 cxd5 15. Qd2 Nc6 16. Bxh6 gxh6 17. Qxh6 Nb4 18. Ng5 f5 19. Qxg6+ Qg7 20. Qxg7+ Kxg7
21. Nxe6+ Kg6 22. Nxf8+ Rxf8 23. Rfd1 Nxd3 24. Rxd3 f4 25. Rc3 Ba6 26. Rc7 Kf5 27. Rxa7 Be2 28. Rb7 f3 29. g3 Ke4 30. c3 Kd3
31. Rxb6 Kxc3 32. e6 Re8 33. a5 Kxd4 34. a6 Kc5 35. Rab1 d4 36. a7 d3 37. Rb8 Rxe6 38. a8=Q d2 39. Rc8+ Kd4 40. Qa4+ Ke5
41. Rc5+ Kf6 42. Qf4+
1-0

[Event "Winterfest"]
[Site "SchemingMind.com"]
[Date "2024.01.12"]
[Round "-"]
[White "Goz"]
[Black "Clive Everill"]
[Result "0-1"]
[WhiteCountry "ENG"]
[BlackCountry "CZE"]
[WhiteElo "1468"]
[WhiteRD "77"]
[BlackElo "1713"]
[BlackRD "58"]
[GameID "741311"]

1. d4 d5 2. e3 Nc6 3. Bb5 Bd7 4. Bxc6 Bxc6 5. Ne2 Nf6 6. O-O e6 7. c3 Bb5 8. a4 Bd7 9. b4 Be7 10. Nd2 O-O
11. Nf3 a6 12. Ne5 Be8 13. Ng3 Nd7 14. f4 f6 15. Nf3 b6 16. Qe2 Bg6 17. Nh4 Bf7 18. f5 e5 19. Bd2 c5 20. h3 cxd4
21. cxd4 Bd6 22. Rfc1 exd4 23. Nh5 Kh8 24. exd4 Bxh5 25. Qxh5 Qe8 26. Qf3 Qf7 27. Rc6 Be7 28. Re6 Rfe8 29. Qxd5 Rad8 30. Qf3 Nf8
31. d5 Nxe6 32. fxe6 Qf8 33. Be3 Bxb4 34. Bxb6 Bc5+ 35. Bxc5 Qxc5+ 36. Kh2 Rxd5 37. Qe2 Qd6+
0-1

[Event "Winterfest"]
[Site "SchemingMind.com"]
[Date "2024.01.11"]
[Round "-"]
[White "Goz"]
[Black "kenneth m day"]
[Result "0-1"]
[WhiteCountry "ENG"]
[BlackCountry "USA"]
[WhiteElo "1453"]
[WhiteRD "69"]
[BlackElo "1662"]
[BlackRD "58"]
[GameID "741312"]

1. d4 Nf6 2. c4 e5 3. dxe5 Ng4 4. Qd4 d6 5. exd6 Qxd6 6. Nf3 Qxd4 7. Nxd4 Bc5 8. e3 O-O 9. Be2 Nf6 10. O-O Bd7
11. Nd2 Nc6 12. N2b3 Nxd4 13. exd4 Be7 14. Be3 c6 15. Nd2 Rfe8 16. c5 Bd8 17. b4 Bc7 18. Rae1 Re7 19. Bg5 Rae8 20. Be3 Nd5
21. a3 Nxe3 22. fxe3 Rxe3 23. Rf2 Bg4 24. Nf3 Bxf3 25. gxf3 Bd8 26. Rff1 Rxe2 27. Rd1 h6 28. d5 cxd5 29. Rxd5 R2e3 30. Rfd1 Bf6
31. Rd7 R8e7 32. Rxe7 Rxe7 33. Kg2 Bb2 34. a4 Ba3 35. Rd4 Bb2 36. Rd8+ Kh7 37. b5 Ba3 38. Rd5 Rc7 39. b6 axb6 40. cxb6 Rc6
41. Rb5 Bc5 42. a5 Kg6 43. f4 Kf6 44. Kf3 Bd4 45. Ke4 Bc5 46. h4 g6 47. Kd5 Bxb6 48. axb6 Kf5 49. Rb4 Kg4 50. f5+ Kxf5
51. Rb5 Re6 52. Kd4+ Kg4 53. Kd5 Kxh4 54. Kc5 Re5+ 55. Kc4 Rxb5 56. Kxb5 f5 57. Kc5 f4 58. Kd6 f3 59. Kc7 f2 60. Kxb7 f1=Q
61. Ka8 Qb1 62. b7 g5
0-1

[Event "Winterfest"]
[Site "SchemingMind.com"]
[Date "2024.01.11"]
[Round "-"]
[White "kenneth m day"]
[Black "Goz"]
[Result "1/2-1/2"]
[WhiteCountry "USA"]
[BlackCountry "ENG"]
[WhiteElo "1690"]
[WhiteRD "59"]
[BlackElo "1468"]
[BlackRD "77"]
[GameID "741313"]

1. e4 b6 2. d4 Bb7 3. Nc3 e6 4. Bd2 Nf6 5. Bd3 Be7 6. Nf3 d5 7. exd5 exd5 8. O-O Nc6 9. Re1 O-O 10. Bf4 Bd6
11. Bg5 h6 12. Bh4 g5 13. Bg3 Bxg3 14. hxg3 Qd7 15. Re2 Rae8 16. Qd2 Re7 17. Rae1 Rfe8 18. Ne5 Nxe5 19. dxe5 Ng4 20. f4 f6
21. exf6 Nxf6 22. Rxe7 Rxe7 23. Rxe7 Qxe7 24. fxg5 Ne4 25. Nxe4 dxe4 26. Bc4+ Kh7 27. Qe3 hxg5 28. Be2= Kg6 29. c3 Qd7 30. b3 Qd6
31. a4 Qd5 32. Bc4 Qd1+ 33. Kf2 Qc2+ 34. Kg1 Qd1+ 35. Kh2 Qh5+ 36. Kg1 Qd1+ 37. Kh2=
1/2-1/2

[Event "Winterfest"]
[Site "SchemingMind.com"]
[Date "2024.01.12"]
[Round "-"]
[White "Goz"]
[Black "Manchenko Ivan"]
[Result "1-0"]
[WhiteCountry "ENG"]
[BlackCountry "RUS"]
[WhiteElo "1453"]
[WhiteRD "69"]
[BlackElo "1686"]
[BlackRD "105"]
[GameID "741314"]

1. d4 Nf6 2. c4 g6 3. Nc3 Bg7 4. e4 d6 5. h3 O-O 6. Nf3 e5 7. d5 a5 8. Bd3 Na6 9. a3 Nc5 10. Be3 Nxd3+
11. Qxd3 Nd7 12. O-O f5 13. exf5 gxf5 14. Bg5 Qe8 15. Nd2 Qg6 16. f4 Nc5 17. Qg3 e4 18. Rab1 Bd7 19. b4 axb4 20. axb4 Bxc3
21. Qxc3 Na4 22. Qe3 b5 23. g3 bxc4 24. Nxc4 Bb5 25. Rfc1 h6 26. Bh4 Qf7 27. Qd4 Bxc4 28. Rxc4
1-0

[Event "Winterfest"]
[Site "SchemingMind.com"]
[Date "2024.01.12"]
[Round "-"]
[White "Manchenko Ivan"]
[Black "Goz"]
[Result "1-0"]
[WhiteCountry "RUS"]
[BlackCountry "ENG"]
[WhiteElo "1919"]
[WhiteRD "108"]
[BlackElo "1460"]
[BlackRD "80"]
[GameID "741315"]

1. e4 c5 2. Nf3 d6 3. d4 b6 4. Nc3 Bb7 5. Bb5+ Bc6 6. Bxc6+ Nxc6 7. d5 Ne5 8. O-O g6 9. Nxe5 dxe5 10. f4 Qc7
11. fxe5 Qxe5 12. Qf3 f6 13. Bf4 Qd4+ 14. Kh1 a6 15. Rad1 Qb4 16. d6 e5 17. d7+ Kd8 18. Bxe5 Be7 19. Bg3 Qxb2 20. e5 Ra7
21. Qc6
1-0

[Event "Winterfest"]
[Site "SchemingMind.com"]
[Date "2024.01.17"]
[Round "-"]
[White "pawngrabber"]
[Black "Robert Hatfield"]
[Result "1/2-1/2"]
[WhiteCountry "ENG"]
[BlackCountry "USA"]
[WhiteElo "1804"]
[WhiteRD "62"]
[BlackElo "1770"]
[BlackRD "64"]
[GameID "741464"]

1. d4 Nf6 2. c4 e6 3. g3 d5 4. Bg2 Bb4+ 5. Bd2 a5 6. a3 Bxd2+ 7. Nxd2 O-O 8. Ngf3 h6 9. Ne5 Nbd7 10. Ndf3 dxc4
11. Nxd7 Bxd7 12. Ne5 Rb8 13. Nxc4 a4 14. O-O b5 15. Ne5 Nd5 16. e4 Nb6 17. Rc1 Nc4 18. Nxc4 bxc4 19. Qd2 Bb5 20. Rfd1 Qe7
21. Rc3 c5 22. d5 exd5 23. exd5 Qd6 24. Re3 Rbe8 25. Rde1 c3 26. Qxc3 Rxe3 27. Rxe3 Rd8 28. h4 Ba6 29. Re4 Bb7 30. Rxa4 Bxd5
31. Bxd5 Qxd5 32. Ra5 Qd1+ 33. Kh2 Rd2 34. Qe3 Qe2 35. Qxe2 Rxe2 36. Kg2 Rxb2 37. Rxc5 Ra2 38. Ra5 Kf8 39. Ra8+ Ke7 40. a4 Kf6
41. a5 Kg6 42. a6 Kh7 43. a7 g6 44. g4 f6 45. Kg3 Kg7 46. f3 Ra1 47. f4 Ra3+ 48. Kg2 Ra2+ 49. Kf3 Ra3+ 50. Kf2=
1/2-1/2

[Event "Winterfest"]
[Site "SchemingMind.com"]
[Date "2024.01.17"]
[Round "-"]
[White "Robert Hatfield"]
[Black "pawngrabber"]
[Result "0-1"]
[WhiteCountry "USA"]
[BlackCountry "ENG"]
[WhiteElo "1758"]
[WhiteRD "64"]
[BlackElo "1789"]
[BlackRD "60"]
[GameID "741465"]

1. e4 d6 2. d4 Nf6 3. Nc3 g6 4. f3 c6 5. Be3 Nbd7 6. Bc4 b5 7. Bb3 a5 8. a3 Ba6 9. Nge2 Nb6 10. O-O Bg7
11. Kh1 O-O 12. g4 Nc4 13. Bxc4 bxc4 14. Ng3 Rb8 15. Rb1 Qc7 16. g5 Nd7 17. f4 Rb7 18. f5 Qb8 19. fxg6 fxg6 20. Qg4 Rxb2
21. Qxd7 Rxb1 22. Qe6+ Kh8 23. Rxb1 Qc7 24. Nce2 Qd8 25. c3 Qc7 26. Kg2 d5 27. e5 Bc8
0-1

[Event "Winterfest"]
[Site "SchemingMind.com"]
[Date "2024.01.18"]
[Round "-"]
[White "Clive Everill"]
[Black "Robert Hatfield"]
[Result "1-0"]
[WhiteCountry "CZE"]
[BlackCountry "USA"]
[WhiteElo "1713"]
[WhiteRD "58"]
[BlackElo "1770"]
[BlackRD "64"]
[GameID "741466"]

1. Nf3 c5 2. Nc3 d5 3. e4 d4 4. Ne2 Nc6 5. Ng3 e5 6. Bb5 Bd6 7. Bxc6+ bxc6 8. d3 Ne7 9. Bg5 h6 10. Bd2 O-O
11. O-O Be6 12. c3 Qd7 13. cxd4 cxd4 14. Qc1 Rfb8 15. b3 a5 16. Bxh6 Kf8 17. Bd2 f6 18. Nh4 Kf7 19. f4 exf4 20. Bxf4 Qc7
21. Bxd6 Qxd6 22. Nhf5 Qc7 23. Qc5
1-0

[Event "Winterfest"]
[Site "SchemingMind.com"]
[Date "2024.01.17"]
[Round "-"]
[White "Goz"]
[Black "Robert Hatfield"]
[Result "1-0"]
[WhiteCountry "ENG"]
[BlackCountry "USA"]
[WhiteElo "1460"]
[WhiteRD "80"]
[BlackElo "1758"]
[BlackRD "64"]
[GameID "741468"]

1. d4 Nf6 2. c4 e5 3. d5 Bc5 4. h3 Bxf2+ 5. Kxf2 Ne4+ 6. Ke3 Ng3 7. Rh2 f5 8. Nf3 O-O 9. Nxe5 d6 10. Nf3 Qf6
11. Kd2
1-0

[Event "Winterfest"]
[Site "SchemingMind.com"]
[Date "2024.01.17"]
[Round "-"]
[White "Robert Hatfield"]
[Black "Goz"]
[Result "1-0"]
[WhiteCountry "USA"]
[BlackCountry "ENG"]
[WhiteElo "1770"]
[WhiteRD "64"]
[BlackElo "1468"]
[BlackRD "77"]
[GameID "741469"]

1. e4 e5 2. Nf3 d6 3. d4 exd4 4. Nxd4 c6 5. Nc3 Ne7 6. Be3 Ng6 7. Bc4 Ne5 8. Be2 Be7 9. O-O O-O 10. f4 Ng6
11. Qd2 Nd7 12. Rae1 Nc5 13. Nf3 b6 14. Bf2 a5 15. a3 a4 16. Rd1 Bg4 17. h3 Bxf3 18. Bxf3 Qc7 19. Kh1 Nd7 20. Bg3 Rfd8
21. Bh2 Nh4 22. g4 b5 23. Bg3 Nxf3 24. Rxf3 Nf8 25. Kh2 Ng6 26. Qf2 Rd7 27. h4 Nf8 28. Kg2 d5 29. exd5 Bf6 30. dxc6 Qxc6
31. Rxd7 Qxd7 32. Rd3 Qxg4 33. Qf3 Qf5 34. Qxa8 Bxc3 35. Rxc3 Qd7 36. Rc8 Qd2+ 37. Bf2 Qd6 38. Rd8 Qg6+ 39. Kf1 h6 40. Rxf8+
1-0

[Event "Winterfest"]
[Site "SchemingMind.com"]
[Date "2024.01.18"]
[Round "-"]
[White "kenneth m day"]
[Black "Robert Hatfield"]
[Result "0-1"]
[WhiteCountry "USA"]
[BlackCountry "USA"]
[WhiteElo "1643"]
[WhiteRD "64"]
[BlackElo "1758"]
[BlackRD "64"]
[GameID "741470"]

1. e4 e5 2. Nf3 Nc6 3. c3 d5 4. Qa4 Bd7 5. exd5 Nd4 6. Qd1 Nxf3+ 7. Qxf3 Nf6 8. Bc4 e4 9. Qe3 Bd6 10. d3 O-O
11. O-O Bxh2+ 12. Kh1 Bd6 13. Nd2 Re8 14. Nxe4 Nxe4 15. dxe4 Qh4+ 16. Kg1 Qh2#
0-1

[Event "Winterfest"]
[Site "SchemingMind.com"]
[Date "2024.01.18"]
[Round "-"]
[White "Robert Hatfield"]
[Black "kenneth m day"]
[Result "1-0"]
[WhiteCountry "USA"]
[BlackCountry "USA"]
[WhiteElo "1758"]
[WhiteRD "64"]
[BlackElo "1643"]
[BlackRD "64"]
[GameID "741471"]

1. e4 e5 2. Nf3 d5 3. exd5 Bd6 4. d4 e4 5. Ne5 Nf6 6. Bb5+ c6 7. dxc6 Qa5+ 8. Nc3 O-O 9. O-O bxc6 10. Nxc6 Bb7
11. Nxa5
1-0

[Event "Winterfest"]
[Site "SchemingMind.com"]
[Date "2024.01.18"]
[Round "-"]
[White "Robert Hatfield"]
[Black "Manchenko Ivan"]
[Result "0-1"]
[WhiteCountry "USA"]
[BlackCountry "RUS"]
[WhiteElo "1758"]
[WhiteRD "64"]
[BlackElo "1919"]
[BlackRD "108"]
[GameID "741472"]

1. e4 e5 2. Nf3 Nc6 3. Nc3 Nf6 4. Bb5 Nxe4 5. Nxe4 d5 6. Ng3 Bd6 7. d3 O-O 8. Bxc6 bxc6 9. Be3 f5 10. Bg5 Qe8
11. O-O f4 12. Ne4 dxe4 13. dxe4 Qh5
0-1

[Event "Winterfest"]
[Site "SchemingMind.com"]
[Date "2024.01.18"]
[Round "-"]
[White "Manchenko Ivan"]
[Black "Robert Hatfield"]
[Result "0-1"]
[WhiteCountry "RUS"]
[BlackCountry "USA"]
[WhiteElo "1686"]
[WhiteRD "105"]
[BlackElo "1738"]
[BlackRD "63"]
[GameID "741473"]

1. d4 Nf6 2. c4 e6 3. g3 c5 4. d5 d6 5. Nc3 e5 6. e4 Bd7 7. h4 Be7 8. Qe2 Na6 9. Bh3 Qc8 10. Bxd7+ Qxd7
11. Bd2 Qg4 12. O-O-O Qxe2 13. Ngxe2 Nc7 14. Kc2 O-O 15. a4 Rfb8 16. f4 exf4 17. Bxf4 Nce8 18. e5 dxe5 19. Bxe5 Bd6 20. Bxd6 Nxd6
21. Nb5 Nxc4 22. Nc7 Ne3+ 23. Kb3 Nxd1 24. Rxd1 c4+
0-1

[Event "Winterfest"]
[Site "SchemingMind.com"]
[Date "2024.01.20"]
[Round "-"]
[White "pawngrabber"]
[Black "Phillip Beckett"]
[Result "1-0"]
[WhiteCountry "ENG"]
[BlackCountry "ENG"]
[WhiteElo "1789"]
[WhiteRD "60"]
[BlackElo "1499"]
[BlackRD "52"]
[GameID "741554"]

1. d4 d5 2. c4 e6 3. Nc3 Nf6 4. cxd5 Nxd5 5. e4 Nxc3 6. bxc3 c5 7. Nf3 cxd4 8. cxd4 Nc6 9. Bb5 Qa5+ 10. Bd2 Qxb5
11. Rb1 Qc4 12. Rc1 Qxa2 13. O-O e5 14. d5 Nd4 15. Nxd4 exd4 16. Bf4 b6 17. Qxd4 Ba6 18. Qe5+ Be7 19. Ra1 Qc4 20. Rfc1 Qb5
21. Qxg7 Rf8 22. Qe5 f6 23. Qh5+ Kd8 24. Qxh7 Qe8 25. d6 Bxd6 26. Bxd6 Rf7 27. Bc7+ Kd7 28. Qf5+ Qe6 29. Rd1+ Ke7 30. Bd6+ Kd7
31. Bb4+
1-0

[Event "Winterfest"]
[Site "SchemingMind.com"]
[Date "2024.01.20"]
[Round "-"]
[White "Phillip Beckett"]
[Black "pawngrabber"]
[Result "0-1"]
[WhiteCountry "ENG"]
[BlackCountry "ENG"]
[WhiteElo "1499"]
[WhiteRD "52"]
[BlackElo "1789"]
[BlackRD "60"]
[GameID "741555"]

1. e4 d6 2. d4 Nf6 3. Nc3 g6 4. Nf3 Bg7 5. Be2 O-O 6. h3 Nbd7 7. O-O c5 8. Be3 cxd4 9. Nxd4 Nc5 10. Qd2 Ncxe4
11. Nxe4 Nxe4 12. Qd3 Nc5 13. Qd2 Ne4 14. Qd3 d5 15. Bf3 e5 16. Ne2 Bf5 17. Bxe4 Bxe4 18. Qd2 Rc8 19. Ng3 Rxc2 20. Qb4 Bd3
21. Rfc1 Rxc1+ 22. Rxc1 d4 23. Bd2 Qd7 24. Qc5 Qa4 25. a3 b6 26. Qc7 Re8 27. Bb4 a5 28. Bd6 Qb5 29. Qc6 Qxc6 30. Rxc6 b5
31. Nf1 Bh6 32. Rc5 e4 33. Rd5 e3 34. fxe3 dxe3 35. Rxd3 e2 36. Nd2 e1=Q+
0-1

[Event "Winterfest"]
[Site "SchemingMind.com"]
[Date "2024.01.22"]
[Round "-"]
[White "Clive Everill"]
[Black "Phillip Beckett"]
[Result "1-0"]
[WhiteCountry "CZE"]
[BlackCountry "ENG"]
[WhiteElo "1713"]
[WhiteRD "58"]
[BlackElo "1461"]
[BlackRD "52"]
[GameID "741556"]

1. e4 e5 2. Nc3 Nf6 3. Nf3 Nc6 4. Bb5 Nd4 5. Nxe5 Nxb5 6. Nxb5 c6 7. Nc3 Qe7 8. f4 d6 9. Nf3 Bg4 10. d3 d5
11. e5 Nd7 12. O-O Qc5+ 13. d4 Qb6 14. Na4 Qc7 15. Qd3 O-O-O 16. Ng5 Bh5 17. f5 h6 18. Nh3 b5 19. Nc3 Nb6 20. Bf4 Qb7
21. b3 Bb4 22. Ne2 Bxe2 23. Qxe2 Rhe8 24. Bd2 Bxd2 25. Qxd2 Nd7 26. a4 Kb8 27. axb5 Qxb5 28. Ra5 Qb6 29. Rfa1 Nxe5 30. Ra6 Qb7
31. dxe5 Rxe5 32. Rxa7 Qxa7+ 33. Rxa7 Kxa7 34. Qd4+
1-0

[Event "Winterfest"]
[Site "SchemingMind.com"]
[Date "2024.01.22"]
[Round "-"]
[White "Phillip Beckett"]
[Black "Clive Everill"]
[Result "0-1"]
[WhiteCountry "ENG"]
[BlackCountry "CZE"]
[WhiteElo "1499"]
[WhiteRD "52"]
[BlackElo "1689"]
[BlackRD "58"]
[GameID "741557"]

1. e4 d5 2. exd5 Qxd5 3. Nc3 Qd6 4. Nf3 Nf6 5. Be2 a6 6. O-O Nc6 7. d3 Bf5 8. g3 O-O-O 9. Bf4 Qd7 10. Ne5 Nxe5
11. Bxe5 Ne8 12. Bf3 f6 13. Bf4 g5 14. Be3 h5 15. Qe2 e6 16. Be4 h4 17. Bxf5 exf5 18. a4 Bd6 19. Nd5 hxg3 20. fxg3 Bxg3
21. hxg3 Qxd5 22. Qf2 Qh1#
0-1

[Event "Winterfest"]
[Site "SchemingMind.com"]
[Date "2024.01.21"]
[Round "-"]
[White "Phillip Beckett"]
[Black "Goz"]
[Result "0-1"]
[WhiteCountry "ENG"]
[BlackCountry "ENG"]
[WhiteElo "1461"]
[WhiteRD "52"]
[BlackElo "1468"]
[BlackRD "77"]
[GameID "741558"]

1. e4 e5 2. Nf3 d6 3. d4 Bg4 4. dxe5 Bxf3 5. Qxf3 dxe5 6. Bc4 Qf6 7. Qxf6 Nxf6 8. f3 Bc5 9. Bg5 Nbd7 10. Nc3 a6
11. O-O-O h6 12. Bh4 Be3+ 13. Kb1 Bg5 14. Bf2 O-O 15. h4 Nb6 16. Bb3 Bf4 17. g3 Nh5 18. Nd5 Nxd5 19. Bxd5 c6 20. gxf4 cxd5
21. fxe5 Nf4 22. exd5 Rad8 23. d6 Ne6 24. Be3 f6 25. exf6 Rxf6 26. Rhe1 Nf8 27. Bb6 Rdxd6 28. Rxd6 Rxd6 29. Bc5 Rf6 30. Rf1 Nd7
31. Bd4 Rf4 32. Bc3 Rxh4 33. Rg1 g5 34. Bd2 Ne5 35. f4 Nf3 36. Be1 Nxe1 37. Rxe1 Rxf4 38. b3 Kf7 39. a4 g4 40. Rh1 Kg6
41. c4 h5 42. Kc2 Kg5 43. Kd3 Rf3+ 44. Kc2 h4 45. b4 Rf2+ 46. Kc3 g3 47. Kd3 Kg4 48. b5 g2
0-1